| 000 | 01006cam a2200289 a 4500 | ||
|---|---|---|---|
| 999 |
_c26692 _d26692 |
||
| 001 | 2067889 | ||
| 003 | OSt | ||
| 005 | 20170206095315.0 | ||
| 008 | 940323s1995 caua 000 0 eng | ||
| 010 | _a 94010479 | ||
| 020 | _a0156000768 | ||
| 040 |
_aDLC _cDLC _dDLC |
||
| 043 | _an-us--- | ||
| 050 | 0 | 0 |
_aNC1429.B622 _bA4 1995 |
| 082 | 0 | 0 |
_a741.5/973 _220 |
| 100 | 1 | _aBlehm, Gary. | |
| 245 | 1 | 0 |
_aPenmen / _cGary Blehm. |
| 250 | _a1st ed. | ||
| 260 |
_aSan Diego : _bHarcourt Brace & Co., _cc1995. |
||
| 300 |
_a108 p. : _ball ill. ; _c14 x 21 cm. |
||
| 500 | _a"A Harvest original." | ||
| 650 | 0 | _aAmerican wit and humor, Pictorial. | |
| 906 |
_a7 _bcbc _corignew _d1 _eocip _f19 _gy-gencatlg |
||
| 942 |
_2lcc _cBOOKS _hNC 1429 .B622A4 1995 |
||